Biotechnology : A hope or a threat?

The important book aims to analyse, predit and thereby improve the impact of biotechnology on poor people in developing countries.

שמור ב:
מידע ביבליוגרפי
פורמט: ספר
שפה:Undetermined
יצא לאור: New York St. Martin's Press 1992
נושאים:
תגים: הוספת תג
אין תגיות, היה/י הראשונ/ה לתייג את הרשומה!
Thư viện lưu trữ: Trung tâm Học liệu Trường Đại học Cần Thơ
LEADER 00733nam a2200205Ia 4500
001 CTU_219087
008 210402s9999 xx 000 0 und d
082 |a 303.48 
082 |b B616 
245 0 |a Biotechnology : 
245 2 |b A hope or a threat? 
245 0 |c edited by Iftikhar Ahmed ; foreword by Michael Lipton 
260 |a New York 
260 |b St. Martin's Press 
260 |c 1992 
520 |a The important book aims to analyse, predit and thereby improve the impact of biotechnology on poor people in developing countries. 
650 |a Công nghệ sinh học,Biotechnology 
650 |x Khía cạnh xã hội,Social aspects 
904 |i Trúc 
980 |a Trung tâm Học liệu Trường Đại học Cần Thơ